Responses for Show #3205 - Friday, July 3, 1998

John Skelton game 4.
Dan Girard game 1.

Contestants

[<< previous game]

David Evans, an inventory specialist from San Clemente, California

Dan Girard, a landscape artist from Altadena, California

John Skelton, a lawyer and real estate appraiser from Seattle, Washington (whose 3-day cash winnings total $57,000)

[next game >>]

Jeopardy! Round responses

THE AMERICAN REVOLUTION
IT'S SANDY!
REAL ESTATE
LOVE QUOTES
MUSICAL THEATER
CROSSWORD CLUES "H"
    $100 3
Concord

John
    $100 18
Sandy Duncan

Dan
    $100 1
clear

John
    $100 16
Josephine

David
    $100 10
["I'm Getting Married In The Morning"]

My Fair Lady

Dan
    $100 11
(John: What is hesitate?)
(Dan: What is hesitate?)

hesitates

JohnDan
Triple Stumper
    $200 5
the whites of their eyes

Dan
    $200 19
Sandy Koufax

John
    $200 2
a lease

Dan
    $200 17
spoil the child

Dan
    $200 27
Siamese twins

David
    $200 12
hibernate

Dan
    $300 6
John Paul Jones

Dan
    $300 21
Grease

David
    $300 4
fixtures

Dan
    $300 24
(Alex: One minute to go.)

on the bonnie, bonnie banks of Loch Lomond

Triple Stumper
    $700 28
The Phantom of the Opera

David
    $300 13
(Alex: They don't seem to appreciate our writers' humor--I'll talk to them during the commercial break; they'll have a change of attitude!)

highchair

Triple Stumper
    $400 7
Germany

David
    $400 22
Australia

John
    $400 9
(John: Who is Charles Schwab?)

Coldwell Banker

JohnDavid
    $400 25
loved and lost

Dan
    $400 29
Stephen Sondheim

Dan
    $400 14
husk

John
    $500 8
Anthony Wayne

John
    $500 23
Sandy Dennis

Dan
    $500 20
mortgage

John
    $500 26
honor

Dan
    $500 30
F. Murray Abraham

Dan
    $500 15
(John: What is x-squared?)

hundred (ten times ten)

John
Triple Stumper

Scores at the first commercial break (after clue 13):

John Dan David
$200 $1,200 $800

Scores at the end of the Jeopardy! Round:

John Dan David
$1,200 $3,800 $2,100

Double Jeopardy! Round responses

PLACES IN THE BIBLE
CRITTER LIT
PEOPLE WITH FOOD NAMES
TRAVEL CANADA
SHORT-TITLED FILMS
SPELLING
    $200 1
Galilee

John
    $200 22
(Beatrix) Potter

John
    $200 16
Felix Frankfurter

David
    $200 11
Montreal

John
    $200 17
Z

Dan
    $200 6
(Dan: What is a [*]?)
(Alex: I need it spelled.)

C-R-O-C-O-D-I-L-E

Dan
    $400 2
Athens

John
    $400 24
Doctor Dolittle

John
    $1,200 27
(Dan: I have no idea.)

Fiona Apple

Dan
    $400 12
Yukon

John
    $400 18
[Roy Schieder stares; Richard Dreyfuss rinses his face.]
(Dreyfuss: It wasn't Jack the Ripper.)

Jaws

John
    $400 7
P-O-I-N-S-E-T-T-I-A

Dan
    $600 3
Jerusalem

Dan
    $600 25
Wilbur

John
    $600 28
Darryl Strawberry

David
    $600 13
Ontario

John
    $600 19
Heat

David
    $600 8
B-R-A-S-S-I-E-R-E

John
    $600 4
Tower of Babel

Dan
    $800 23
(C.S.) Lewis

Dan
    $800 30
Carrot Top

Dan
    $800 14
Vancouver

John
    $800 20
if...

Dan
    $800 9
C-L-A-V-I-C-L-E

Dan
    $1000 5
Endor

Dan
    $1000 26
Charley

Dan
    $1000 29
Taco

John
    $1000 15
Prince Edward Island

John
    $1000 21
Joe

Triple Stumper
    $1000 10
M-A-R-S-E-I-L-L-A-I-S-E

Dan

Scores at the end of the Double Jeopardy! Round:

John Dan David
$8,000 $10,800 $3,500

[wagering suggestions for these scores]

Final Jeopardy! Round responses

WORLD LEADERS
DavidWho is M. Gorbachev
$2,100
JohnWho is Mitterand?
$2,801
DanWho is Mitterand
$5,200
Mikhail Gorbachev

Final scores:

John Dan David
$5,199 $5,600 $5,600
2nd place: Trip to Washington, D.C. at Loews L'Enfant Plaza Hotel New co-champion: $5,600 New co-champion: $5,600

Game dynamics:

Coryat scores:

John Dan David
$8,000 $12,200 $3,100
20 R,
3 W
25 R
(including 1 DD),
2 W
(including 1 DD)
9 R
(including 1 DD),
0 W

Combined Coryat: $23,300

[game clues] [game scores] [suggest correction]

Game tape date: Unknown
The J! Archive is created by fans, for fans. Scraping, republication, monetization, and malicious use prohibited; this site may use cookies and collect identifying information. See terms. The Jeopardy! game show and all elements thereof, including but not limited to copyright and trademark thereto, are the property of Jeopardy Productions, Inc. and are protected under law. This website is not affiliated with, sponsored by, or operated by Jeopardy Productions, Inc. Join the discussion at JBoard.tv.